000 00390nam a22001457a 4500
020 _a0396072763
082 _a364..164
_bJAC
_cL-29 P-155
100 _aJacquier, Henri
_938251
245 _aPiracy in the pacific
260 _aNew york
_bDodd, mead & company
_cc1907
300 _av, 198 p. :
_c18cm
526 _a0
_b0
_c0
_d364__164000000000000_JAC
650 _aMCE
_9379
942 _2ddc
_cBK
999 _c542893
_d542893